Materiales y Procedimientos de CONSTRUCCION Tomo I (Record no. 21335)

MARC details
000 -CABECERA
campo de control de longitud fija 00578nam a2200205 4500
003 - IDENTIFICADOR DEL NÚMERO DE CONTROL
campo de control OSt
005 - FECHA Y HORA DE LA ÚLTIMA TRANSACCIÓN
campo de control 20260601193838.0
008 - DATOS DE LONGITUD FIJA--INFORMACIÓN GENERAL
campo de control de longitud fija 260508b1955 |||ad||| |||| 001 0 spa d
040 ## - FUENTE DE LA CATALOGACIÓN
Centro catalogador/agencia de origen ICI
Lengua de catalogación spa
Centro/agencia transcriptor ICI
050 ## - SIGNATURA TOPOGRÁFICA DE LA BIBLIOTECA DEL CONGRESO
Número de clasificación TH145
Número de documento/Ítem M38 1962
100 #1 - ENTRADA PRINCIPAL--NOMBRE DE PERSONA
Nombre de persona Barbarea Zetina, Fernando
245 #1 - MENCIÓN DE TÍTULO
Título Materiales y Procedimientos de CONSTRUCCION Tomo I
264 ## - PRODUCCIÓN, PUBLICACIÓN, DISTRIBUCIÓN, FABRICACIÓN Y COPYRIGHT
Nombre del de productor, editor, distribuidor, fabricante Editorial Herrero México
Fecha de producción, publicación, distribución, fabricación o copyright 1955
Producción, publicación, distribución, fabricación y copyright México
300 ## - DESCRIPCIÓN FÍSICA
Extensión 360 páginas
336 ## - TIPO DE CONTENIDO
Término de tipo de contenido texto
Fuente rdacontent
337 ## - TIPO DE MEDIO
Nombre/término del tipo de medio sin medio
Fuente rdamedia
338 ## - TIPO DE SOPORTE
Nombre/término del tipo de soporte volumen
Fuente rdacarrier
500 ## - NOTA GENERAL
Nota general Libro de Referencia
942 ## - ELEMENTOS DE PUNTO DE ACCESO ADICIONAL (KOHA)
Fuente del sistema de clasificación o colocación Library of Congress Classification
Tipo de ítem Koha Libros
Suprimir en OPAC 1

No items available.